<?xml version="1.0" encoding="UTF-8"?>
<collection xmlns="http://www.loc.gov/MARC21/slim">
 <record>
  <leader>00815nam a22001935a 4500</leader>
  <controlfield tag="001">CEM.cems014935</controlfield>
  <controlfield tag="005">20180523150145.0</controlfield>
  <controlfield tag="008">130507s2011##################000#0#####d</controlfield>
  <controlfield tag="003">CEMS</controlfield>
  <datafield tag="020" ind1=" " ind2=" ">
   <subfield code="a">9789871620708</subfield>
  </datafield>
  <datafield tag="082" ind1="0" ind2="4">
   <subfield code="a">982.1</subfield>
  </datafield>
  <datafield tag="100" ind1="1" ind2=" ">
   <subfield code="a">Laborde, Hugo</subfield>
  </datafield>
  <datafield tag="245" ind1="1" ind2="0">
   <subfield code="a">Crónicas del ayer en rondeau 29 /</subfield>
   <subfield code="c">Hugo Laborde</subfield>
  </datafield>
  <datafield tag="260" ind1=" " ind2=" ">
   <subfield code="a">Bahía Blanca :</subfield>
   <subfield code="b">Ediuns,</subfield>
   <subfield code="c">2011</subfield>
  </datafield>
  <datafield tag="300" ind1=" " ind2=" ">
   <subfield code="a">114 p.</subfield>
  </datafield>
  <datafield tag="505" ind1="0" ind2=" ">
   <subfield code="a">Palabras liminares -- Memorias -- Semblanza -- Hechos trascendentes ocurridos en Rondeau 29 -- Los comienzos de las instituciones -- Las clases -- Los alumnos -- Los profesores -- Tiempo difíciles -- Los exámenes -- Vida cotidiana -- Planos -- Recuperación y puesta en valor del edificio</subfield>
  </datafield>
  <datafield tag="653" ind1=" " ind2=" ">
   <subfield code="a">Historia</subfield>
  </datafield>
  <datafield tag="653" ind1=" " ind2=" ">
   <subfield code="a">Historia bahía blanca</subfield>
  </datafield>
  <datafield tag="859" ind1=" " ind2=" ">
   <subfield code="a">CEMS</subfield>
   <subfield code="b">BIB. CEMS - 11 de abril</subfield>
   <subfield code="h">982.1</subfield>
   <subfield code="i">L113</subfield>
   <subfield code="p">27540.18</subfield>
   <subfield code="t">Ej.1</subfield>
  </datafield>
 </record>
</collection>
